000
00209 a2200109 4500
020
_a
9781490490564
041
_a
eng
100
_a
Jana Deleon
245
_a
Resurrection in Mudbug
942
_c
BK
952
_7
1
999
_c
19259
_d
19259